000 01225cam a2200385Ia 4500
001 37851
005 20230410103643.0
008 820305s1978 mx b 001 0 spa d
035 _a(OCoLC)ocm08218001
040 _aTXU
_cTXU
_dOCL
_dOCLCQ
_dDIBAM
020 _a9682301807 (obra completa)
020 _a9789682301803 (obra completa)
020 _a9682302153
020 _a9789682302152
035 _a(OCoLC)8218001
041 1 _aeng
_hspa
043 _ae------
050 1 4 _a300 D 202.8
_bH751e 1978
082 _a940.1/7
049 _aGRAL
100 1 _aHolmes, George,
_d1927-
240 1 0 _aEurope, hierarchy and revolt, 1320-1450.
_sSpanish
245 1 0 _aEuropa: jerarquia y revuelta, 1320-1450 /
_cG. Holmes ; tr. Mercedes García-Arenal.
250 _a2a ed. en españoll.
260 _aMéxico :
_bSiglo XXI,
_c1978.
300 _a445 p. :
_bmaps ;
_c18 cm.
504 _aIncludes bibliographical references (p. 410-417).
500 _aIncludes index.
651 0 _aEurope
_xHistory
_y476-1492.
650 0 _aCivilization, Medieval
_y14th century.
650 7 _aCIVILIZACION MEDIEVAL
_ySIGLO 14.
_2renib
651 7 _aEUROPA
_xHISTORIA
_y476-1492.
_2renib
942 _2lcc
_cbk
994 _aC0
_bDRFGD
999 _c23276
_d23276